| 000 | 01467nam a2200349 a 4500 | ||
|---|---|---|---|
| 001 | ebr10579318 | ||
| 003 | CaPaEBR | ||
| 006 | m u | ||
| 007 | cr cn||||||||| | ||
| 008 | 100408s2010 ctu sb 001 0 eng d | ||
| 010 | _z 2010926458 | ||
| 020 | _z9780300141207 (hbk. alk. paper) | ||
| 020 | _z0300141203 (hbk. alk. paper) | ||
| 020 | _z9780300146134 (e-book) | ||
| 040 |
_aCaPaEBR _cCaPaEBR |
||
| 035 | _a(OCoLC)681623369 | ||
| 050 | 1 | 4 |
_aK564.C6 _bL374 2010eb |
| 082 | 0 | 4 |
_a343.09/944 _222 |
| 100 | 1 | _aLastowka, F. Gregory. | |
| 245 | 1 | 0 |
_aVirtual justice _h[electronic resource] : _bthe new laws of online worlds / _cGreg Lastowka. |
| 246 | 3 | 0 | _aNew laws of online worlds |
| 260 |
_aNew Haven : _bYale University Press, _cc2010. |
||
| 300 | _axiii, 226 p. | ||
| 504 | _aIncludes bibliographical references (p. 197-220) and index. | ||
| 505 | 0 | _aLaw -- History -- Landscape -- Regulation -- Jurisdiction -- Games -- Property -- Hackers -- Copyright -- Conclusion. | |
| 533 |
_aElectronic reproduction. _bPalo Alto, Calif. : _cebrary, _d2011. _nAvailable via World Wide Web. _nAccess may be limited to ebrary affiliated libraries. |
||
| 650 | 0 |
_aShared virtual environments _xLaw and legislation. |
|
| 650 | 0 | _aIntellectual property. | |
| 655 | 7 |
_aElectronic books. _2local |
|
| 710 | 2 | _aebrary, Inc. | |
| 856 | 4 | 0 |
_uhttp://site.ebrary.com/lib/rucke/Doc?id=10579318 _zAn electronic book accessible through the World Wide Web; click to view |
| 999 |
_c86450 _d86450 |
||